00473nam a2200193 a 4500001001300000003000900013005001700022008004100039020001000080082001700090100001700107245002400124260004000148300000900188500003500197505001000232650002000242700001700262nice12345678IN_TiNIC20260116012517.0050524s0000 luca grp 000 0 urd  ac1.500a891.439bBUK aBukhari, A S aPartas Ke Mazameen. aLucknowbMaktaba Moin-Ul-Adabc0000 a112p aincludes index and biblioraphy2 aIndex aLiterature-Urdu1 aBukhari, A S